<?xml version="1.0" encoding="UTF-8"?>
<record
    xmlns:xsi="http://www.w3.org/2001/XMLSchema-instance"
    xsi:schemaLocation="http://www.loc.gov/MARC21/slim http://www.loc.gov/standards/marcxml/schema/MARC21slim.xsd"
    xmlns="http://www.loc.gov/MARC21/slim">

  <leader>00312nam a22001217a 4500</leader>
  <datafield tag="040" ind1=" " ind2=" ">
    <subfield code="c">HS</subfield>
  </datafield>
  <datafield tag="082" ind1=" " ind2=" ">
    <subfield code="a">577</subfield>
  </datafield>
  <datafield tag="100" ind1=" " ind2=" ">
    <subfield code="a">&#x179C;&#x1793; &#x1798;&#x17BB;&#x1793;&#x17B7;&#x1793;&#x17D2;&#x1791;</subfield>
  </datafield>
  <datafield tag="245" ind1=" " ind2=" ">
    <subfield code="a">&#x179A;&#x17BB;&#x1780;&#x17D2;&#x1781;&#x179C;&#x1794;&#x17D2;&#x1794;&#x1780;&#x1798;&#x17D2;&#x1798;&#x17E2; silviculture II</subfield>
  </datafield>
  <datafield tag="260" ind1=" " ind2=" ">
    <subfield code="a">RUA</subfield>
    <subfield code="b">&#x179C;&#x1793;&#x200B; &#x1798;&#x17BB;&#x1793;&#x17B7;&#x1793;&#x17D2;&#x1791;</subfield>
    <subfield code="c">1998</subfield>
  </datafield>
  <datafield tag="300" ind1=" " ind2=" ">
    <subfield code="a">131p;</subfield>
  </datafield>
  <datafield tag="942" ind1=" " ind2=" ">
    <subfield code="c">KB</subfield>
  </datafield>
  <datafield tag="999" ind1=" " ind2=" ">
    <subfield code="c">9046</subfield>
    <subfield code="d">9046</subfield>
  </datafield>
  <datafield tag="952" ind1=" " ind2=" ">
    <subfield code="0">0</subfield>
    <subfield code="1">0</subfield>
    <subfield code="4">0</subfield>
    <subfield code="6">577_000000000000000_&#x179C;&#x1793;_1998_C172</subfield>
    <subfield code="7">0</subfield>
    <subfield code="9">50574</subfield>
    <subfield code="a">LBC</subfield>
    <subfield code="b">LBC</subfield>
    <subfield code="c">C172</subfield>
    <subfield code="d">2016-08-23</subfield>
    <subfield code="o">577 &#x179C;&#x1793; 1998 C172</subfield>
    <subfield code="p">RUA40866</subfield>
    <subfield code="r">2017-01-31</subfield>
    <subfield code="y">AEDBB</subfield>
  </datafield>
  <datafield tag="952" ind1=" " ind2=" ">
    <subfield code="0">0</subfield>
    <subfield code="1">0</subfield>
    <subfield code="4">0</subfield>
    <subfield code="6">577_000000000000000_VON_1997_C166</subfield>
    <subfield code="7">0</subfield>
    <subfield code="9">51317</subfield>
    <subfield code="a">LBC</subfield>
    <subfield code="b">LBC</subfield>
    <subfield code="c">C166</subfield>
    <subfield code="d">2016-09-01</subfield>
    <subfield code="o">577 VON 1997 C166</subfield>
    <subfield code="p">RUA045178</subfield>
    <subfield code="r">2016-09-01</subfield>
    <subfield code="y">KB</subfield>
  </datafield>
  <datafield tag="952" ind1=" " ind2=" ">
    <subfield code="0">0</subfield>
    <subfield code="1">0</subfield>
    <subfield code="4">0</subfield>
    <subfield code="6">577_000000000000000_&#x179C;&#x1793;_1997_C175</subfield>
    <subfield code="7">0</subfield>
    <subfield code="9">51489</subfield>
    <subfield code="a">LBC</subfield>
    <subfield code="b">LBC</subfield>
    <subfield code="c">C175</subfield>
    <subfield code="d">2016-09-02</subfield>
    <subfield code="o">577 &#x179C;&#x1793; 1997 C175</subfield>
    <subfield code="p">RUA061354</subfield>
    <subfield code="r">2016-10-14</subfield>
    <subfield code="y">AEDBB</subfield>
  </datafield>
</record>
